[Event "Titled Tuesday intern op 30th Apr Early"]
[White "Mogirzan, Matei Valeriu"]
[Black "John Veny, Akkarakarn"]
[Site "Chess.com INT"]
[Round "7"]
[Result "1-0"]
[Date "2024.04.30"]
[WhiteElo "1930"]
[BlackElo "2322"]
[PlyCount "79"]
[EventDate "2024.04.30"]
[EventType "swiss (blitz)"]
[EventRounds "11"]
[EventCountry "USA"]
[SourceTitle "CBM 220 Extra"]
[Source "ChessBase"]
[SourceDate "2024.07.31"]
[SourceVersion "1"]
[SourceVersionDate "2024.07.31"]
[SourceQuality "1"]

1. e4 e6 2. d4 d5 3. Nd2 Nf6 4. e5 Nfd7 5. Bd3 c5 6. c3 Nc6 7. Ngf3 f6 8. Ng5 fxg5 9. Qh5+ g6 10. Bxg6+ hxg6 11. Qxg6+ Ke7 12. Nf3 Ndxe5 13. dxe5 Qe8 14. Qf6+ Kd7 15. Qxh8 b6 16. Bxg5 Ba6 17. Qh7+ Be7 18. Bxe7 Nxe7 19. 0-0-0 Qg6 20. Qxg6 Nxg6 21. h4 Nf4 22. h5 Nd3+ 23. Rxd3 Bxd3 24. h6 Rh8 25. Ng5 Bh7 26. f4 Bf5 27. Rh4 Ke7 28. g4 Bg6 29. h7 Kd7 30. Rh6 Bd3 31. Nxe6 c4 32. Ng5 b5 33. a3 a5 34. Kd2 b4 35. Ke3 bxa3 36. bxa3 Ke7 37. Kd4 Kd7 38. f5 Ke7 39. Rg6 Rxh7 40. Nxh7 1-0

[Event "Titled Tuesday intern op 09th Apr Early"]
[White "John Veny, Akkarakarn"]
[Black "Bolat, Inayat"]
[Site "Chess.com INT"]
[Round "9"]
[Result "1-0"]
[Date "2024.04.09"]
[WhiteElo "2322"]
[BlackElo "2208"]
[PlyCount "131"]
[EventDate "2024.04.09"]
[EventType "swiss (blitz)"]
[EventRounds "11"]
[EventCountry "USA"]
[SourceTitle "EXT 2025"]
[Source "ChessBase"]
[SourceDate "2024.10.14"]
[SourceVersion "1"]
[SourceVersionDate "2024.10.14"]
[SourceQuality "1"]

1. e4 e5 2. Nf3 Nc6 3. Bb5 a6 4. Ba4 d6 5. 0-0 Bd7 6. c3 g6 7. d3 Bg7 8. Nbd2 Nf6 9. Re1 0-0 10. Nf1 Re8 11. Ng3 b5 12. Bb3 Na5 13. Bc2 c5 14. h3 b4 15. Bd2 Rb8 16. Rb1 Be6 17. b3 Nc6 18. c4 Nd7 19. Ra1 f5 20. exf5 Bxf5 21. Nxf5 gxf5 22. d4 e4 23. d5 Nce5 24. Ng5 Bf6 25. Ne6 Qe7 26. Qh5 Ng6 27. Qxf5 Bxa1 28. Rxa1 Ndf8 29. Bxe4 Nxe6 30. dxe6 Rf8 31. Qh5 Rxf2 32. Kxf2 Qf6+ 33. Ke2 Qxa1 34. e7 Qe5 35. Qxe5 Nxe5 36. Bf4 Kf7 37. Bg5 Ng6 38. Bd5+ Kg7 39. Bc6 Nxe7 40. Bxe7 Rc8 41. Ba4 Kf7 42. Bxd6 Ke6 43. Bf4 h5 44. h4 Kf5 45. Bd7+ Kxf4 46. Bxc8 Kg3 47. Bf5 Kxg2 48. Bg6 Kg3 49. Bxh5 Kxh4 50. Bf3 Kg5 51. Ke3 Kf5 52. Bb7 Ke5 53. Bxa6 Kf5 54. Bb5 Ke5 55. Bc6 Kf5 56. Bf3 Ke5 57. Be4 Ke6 58. Kf4 Kd6 59. Kf5 Kc7 60. Ke5 Kb6 61. Kd5 Ka6 62. Bb1 Ka5 63. Kxc5 Ka6 64. Kxb4 Kb6 65. c5+ Kc7 66. Kc4 1-0

[Event "Titled Tuesday intern op 02nd Apr Early"]
[White "John Veny, Akkarakarn"]
[Black "Ivanchuk, Vassily"]
[Site "Chess.com INT"]
[Round "11"]
[Result "1-0"]
[Date "2024.04.02"]
[WhiteElo "2322"]
[BlackElo "2611"]
[PlyCount "89"]
[EventDate "2024.04.02"]
[EventType "swiss (blitz)"]
[EventRounds "11"]
[EventCountry "USA"]
[SourceTitle "CBM 219 Extra"]
[Source "ChessBase"]
[SourceDate "2024.05.31"]
[SourceVersion "1"]
[SourceVersionDate "2024.05.31"]
[SourceQuality "1"]

1. e4 c5 2. Nf3 Nc6 3. d4 cxd4 4. Nxd4 Qb6 5. Nb3 e6 6. Be3 Qc7 7. a3 Nf6 8. Nc3 a6 9. f4 d6 10. g4 b5 11. g5 Nd7 12. Qh5 g6 13. Qe2 Bg7 14. Bg2 Nb6 15. 0-0 Nc4 16. Bc1 Bb7 17. f5 Be5 18. Kh1 0-0 19. f6 Rfc8 20. Qg4 h5 21. Qh3 Kf8 22. Bf3 Ke8 23. Bxh5 gxh5 24. g6 Bxc3 25. bxc3 N6e5 26. g7 Bxe4+ 27. Kg1 Kd7 28. Bf4 Bxc2 29. Nd4 Bg6 30. Rad1 Qb6 31. Rf2 Rc5 32. Qg3 Rd5 33. h4 Ng4 34. Rg2 Nxf6 35. Bg5 Ne4 36. Qf3 Rg8 37. Kh1 Rxg7 38. Rf1 Ne5 39. Qf4 Rg8 40. Bh6 Ng4 41. Rg3 Nxg3+ 42. Qxg3 Nxh6 43. Qe3 Ng4 44. Qf4 e5 45. Qf3 1-0

[Event "Titled Tuesday intern op 02nd Apr Early"]
[White "John Veny, Akkarakarn"]
[Black "Sjugirov, Sanan"]
[Site "Chess.com INT"]
[Round "4"]
[Result "1/2-1/2"]
[Date "2024.04.02"]
[WhiteElo "2322"]
[BlackElo "2689"]
[PlyCount "220"]
[EventDate "2024.04.02"]
[EventType "swiss (blitz)"]
[EventRounds "11"]
[EventCountry "USA"]
[SourceTitle "CBM 219 Extra"]
[Source "ChessBase"]
[SourceDate "2024.05.31"]
[SourceVersion "1"]
[SourceVersionDate "2024.05.31"]
[SourceQuality "1"]

1. e4 c5 2. Nf3 d6 3. d4 cxd4 4. Nxd4 Nf6 5. Nc3 a6 6. Be2 e5 7. Nb3 Be7 8. 0-0 0-0 9. Kh1 Nc6 10. f4 b5 11. a4 b4 12. Nd5 Bb7 13. Be3 Nxd5 14. exd5 Na5 15. Nxa5 Qxa5 16. fxe5 Bxd5 17. exd6 Bxd6 18. Bf3 Bxf3 19. Qxd6 Be4 20. Rf2 Rfe8 21. Bb6 Qg5 22. Qxb4 Re6 23. Qd2 Qg6 24. a5 h5 25. Raf1 f5 26. Qf4 Rae8 27. h3 Bc6 28. Qxf5 Qh6 29. Qf7+ Kh7 30. Qf4 Rg6 31. Qxh6+ Kxh6 32. Kh2 h4 33. c3 Re5 34. Bd4 Re4 35. b4 Kh7 36. Rg1 Ree6 37. g3 Rh6 38. gxh4 Re7 39. Rg4 Bd7 40. Rgf4 Be8 41. Kg3 Rg6+ 42. Rg4 Rge6 43. Rgf4 Rg6+ 44. Kh2 Bc6 45. Rg4 Rh6 46. h5 Rxh5 47. Kg3 g5 48. Rf5 Bd7 49. Rgxg5 Rh6 50. Re5 Rxh3+ 51. Kf2 Rf7+ 52. Ke2 Bb5+ 53. Kd2 Rd3+ 54. Kc2 Bc4 55. Rh5+ Kg8 56. Reg5+ Kf8 57. Bc5+ Ke8 58. Rh8+ Kd7 59. Rh4 Bb5 60. Rd4+ Rxd4 61. Bxd4 Rf3 62. Rd5+ Ke6 63. Re5+ Kd6 64. Rg5 Bc4 65. Rc5 Bb5 66. Kd2 Rd3+ 67. Ke1 Rh3 68. Kf2 Rd3 69. Rg5 Bc4 70. Bc5+ Kc6 71. Bd4 Kd6 72. Ke1 Rh3 73. Kd2 Rd3+ 74. Kc2 Rf3 75. Rc5 Bb5 76. c4 Ba4+ 77. Kd2 Rb3 78. Be5+ Ke6 79. Bc3 Ra3 80. Re5+ Kd6 81. Rg5 Bb3 82. Rg6+ Kd7 83. Rxa6 Bxc4 84. Rb6 Kc7 85. Be5+ Kd7 86. Rd6+ Ke7 87. Rb6 Kd7 88. Bc3 Rb3 89. Rb7+ Kc6 90. Rb6+ Kd5 91. Rh6 Ra3 92. Rh5+ Kd6 93. Bd4 Rd3+ 94. Kc2 Rxd4 95. Kc3 Rg4 96. Rh6+ Kc7 97. Rh5 Ba6 98. b5 Bc8 99. Rh7+ Kb8 100. Kb3 Be6+ 101. Ka3 Rd4 102. Rh8+ Kb7 103. Rh7+ Bd7 104. Kb3 Kc7 105. Kc3 Ra4 106. b6+ Kc6 107. b7 Kxb7 108. Rxd7+ Ka6 109. Rd5 Rxa5 110. Rxa5+ Kxa5 1/2-1/2